| 000 | nam a22 7a 4500 | ||
|---|---|---|---|
| 999 |
_c11218 _d11216 |
||
| 008 | 181010b xxu||||| |||| 00| 0 eng d | ||
| 022 |
_aCSYS4802 _bBACHELOR DEGREE _cMANAGEMENT INFORMATION SYSTEMS _d4 |
||
| 245 |
_aARTIFICIAL INTELLIGENCE EXAMINATION AUGUST 2013 _cCCCJ |
||
| 260 |
_aKINGSTON, JAMAICA _bCCCJ _c2013 |
||
| 856 | _uhttp://wplrc.ecc.edu.jm/cgi-bin/koha/opac-retrieve-file.pl?id=5cc8baf1451436ed81bcfbfadfa15273 | ||
| 942 | _cPP | ||